000 00491nam a2200169 i 4500
001 51234
003 ES-MaACL
005 20230906162325.0
007 t|
008 030811s1971 sp ||||1| spa d
100 1 _aChappell, V. C.
_938042
245 1 3 _aEl lenguaje común /
_cV.C. Chappell ; [traducción por Juan Ramón Capella].
260 _aMadrid :
_bTecnos,
_c[1971]
300 _a145 p. ;
_c24 cm.
700 1 _aCapella, Juan-Ramón.
_934819
852 _aES-MaACL
_jC-38198
_bR.76924
999 _c51234
_d51234